000 00538nam a2200205Ia 4500
003 GCL
008 140319s9999 xx 000 0 eng d
040 _aGCL /
_cGCL
082 0 4 _a609
_bH I
100 1 _aHILL, ADRIAN
245 1 0 _aISLAMIC SCIENCE AND ENGINEERING /
_cHILL, ADRIAN
700 1 _aHILL, DESMOND
260 _a[S.N] :
_bEDINBURGH UNIVERSITY PRESS ،
_c1993
300 _a250 P
650 0 4 _aSCIENCE
650 0 4 _aالتحليل الرياضى
650 0 4 _aISLAM - ARCHAEOLOGY
650 0 4 _aISLAM
942 _2ddc
_cBK
999 _c23835
_d23835